000 00286nam a22000977a 4500
999 _c526701
_d526701
082 _aSNT AB45 W833
100 _aWoolson, Gayle
_946261
245 _aDivine symphony: A comparative study of religions
_bBy Woolson, Gayle
260 _aNew Delhi
_bBahat Pub; trust
_c1988
300 _a137p